000 00531nam a2200181Ia 4500
003 OSt
005 20240919104834.0
008 220927b |||||||| |||| 00| 0 eng d
040 _aSDCL
_cSDCL
_beng
041 _2eng
_aHindi
082 _aRxM721:g N3
100 _aDube, Umesh Chander
_9411607
245 0 _aSri Aurobindo ka sanskriti - darshan.
260 _aDelhi:
_bBhartiya Vidya Prakashan,
_c1993.
300 _a298p.
942 _hRxM721:g N3
_cTEXL
_2CC
999 _c727296
_d727296